01191nam a22002417a 4500003000400000005001700004008004100021020001800062040001400080041000800094082001400102100002300116245004400139264004300183300004100226521042600267650002700693650002300720650002900743942001200772999001700784952014800801OSt20260420162831.0260420b ||||| |||| 00| 0 spa d a9789585165557 cCO-Mq BPB aspa a128bR32a aRiemen, Robeautor aEl arte de ser humanos: Cuatro estudios aBogotá;bPenguin Random House,c2024 a247 páginas;bTapa rustica,c21 cm aEl arte de ser humanos es una obra filosófica que reflexiona sobre lo que significa verdaderamente ser humano en el mundo actual. A través de cuatro ensayos, el autor plantea que la humanidad no es algo automático, sino una construcción que requiere conciencia, valores y compromiso. El libro invita a cuestionar la sociedad moderna y a recuperar valores como la verdad, la belleza, la justicia y la compasión. aFilosofía de la vida aÉtica y sociedad aSentido de la existencia 2ddccBK c16259d16259 00102ddc4051708GENaBPMOSbBPMOScGENd2026-04-20eCompra 2025iNTl0o128 R32apMOS504893r2026-04-20tEj.1w2026-04-20yBKzOcho días